| 000 | 00413nam a2200181Ia 4500 | ||
|---|---|---|---|
| 008 | 210210b1900 xxu||||| |||| 00| 0 eng d | ||
| 041 | _aeng | ||
| 082 | _a516/144 | ||
| 100 | _aWILLIAMSON | ||
| 245 | _aTreatise on dynamics | ||
| 260 |
_aLondon _bLongman Green & Co Ltd., _c1900 |
||
| 650 | _aTreatise | ||
| 650 | _aon | ||
| 650 | _adynamics | ||
| 690 | _astatics | ||
| 700 | _aTARLETON | ||
| 906 | _a007860 | ||
| 999 |
_c140718 _d140718 |
||